000
00470nam a2200169Ia 4500
008
090711s9999 xx 000 0 und d
082
_b
34034
100
_a
बांदोडकर व. पु.
245
_a
कस्तुरी
260
_c
1969
300
_a
220
600
_a
बांदोडकर व. पु.
630
_a
कस्तुरी
700
_a
बांदोडकर व. पु.
730
_a
कस्तुरी
942
_c
BOOK
999
_c
298176
_d
298176